| 000 | 01122nam a22002297a 4500 | ||
|---|---|---|---|
| 003 | OSt | ||
| 005 | 20160620110319.0 | ||
| 008 | 150409b2013 slv spa | ||
| 040 | _cBMC | ||
| 082 | _a004.21 | ||
| 100 | 1 |
_935842 _aRivas Madrid, Ennio Aparicio |
|
| 245 | 1 | 0 |
_aSistema multimedia de presentación para la Universidad Católica de Occidente _b: Informe final de proyecto de graduación _cEnnio Aparicio Rivas Madrid, Nelson Orlando Sandoval Moreno; asesor, Juan Haroldo Linares |
| 260 |
_aSanta Ana (El Salvador) _bUniversidad Católica de Occidente _c2007 |
||
| 300 |
_a1 v. (pág. var.) _bil. col _c28 cm _e+ 1 disco compacto |
||
| 500 | _aPrecede al tít.: Universidad Católica de Occidente, Facultad de Ciencias Económicas | ||
| 502 | _aPara optar al título de Licenciado en Sistemas Informáticos Administrativos | ||
| 650 | 2 | 4 |
_91736 _aAdministración de sistemas de información |
| 700 | 1 |
_935843 _aSandoval Moreno, Nelson Orlando |
|
| 700 | 1 |
_934837 _aLinares Martínez, Juan Haroldo |
|
| 710 | 2 |
_91067 _aUniversidad Católica de El Salvador _bFacultad de Ciencias Empresariales |
|
| 942 |
_2ddc _cTG |
||
| 999 |
_c22123 _d22123 |
||